Welcome to WEB OPAC of MRSPTU Central Library

Process and materials of manufacturing (Record no. 1058)

MARC details
000 -LEADER
fixed length control field 00388nam a2200145Ia 4500
008 - FIXED-LENGTH DATA ELEMENTS--GENERAL INFORMATION
fixed length control field 230711s9999||||xx |||||||||||||| ||und||
041 ## - LANGUAGE CODE
Language code of text/sound track or separate title ENG
082 ## - DEWEY DECIMAL CLASSIFICATION NUMBER
Classification number 670
Item number LI-P
100 ## - MAIN ENTRY--PERSONAL NAME
Personal name Lindberg Roy A
245 #0 - TITLE STATEMENT
Title Process and materials of manufacturing
250 ## - EDITION STATEMENT
Edition statement 4th
260 ## - PUBLICATION, DISTRIBUTION, ETC.
Date of publication, distribution, etc. 1990
Place of publication, distribution, etc. New Delhi
Name of publisher, distributor, etc. Prentice-Hall of India Private Limited
650 ## - SUBJECT ADDED ENTRY--TOPICAL TERM
Topical term or geographic name entry element Mechanical Engineering
942 ## - ADDED ENTRY ELEMENTS (KOHA)
Koha item type Book
Holdings
Withdrawn status Lost status Damaged status Not for loan Collection Home library Current library Date acquired Total checkouts Full call number Barcode Date last seen Price effective from Koha item type
          MRSPTU Central Library MRSPTU Central Library     670 LI-P 5284 08/17/2023 08/17/2023 Book
          MRSPTU Central Library MRSPTU Central Library     670 LI-P 5285 08/17/2023 08/17/2023 Book
          MRSPTU Central Library MRSPTU Central Library     670 LI-P 5345 08/17/2023 08/17/2023 Book
          MRSPTU Central Library MRSPTU Central Library     670 LI-P 5346 08/17/2023 08/17/2023 Book
          MRSPTU Central Library MRSPTU Central Library     670 LI-P 5347 08/17/2023 08/17/2023 Book
          MRSPTU Central Library MRSPTU Central Library     670 LI-P 5348 08/17/2023 08/17/2023 Book
          MRSPTU Central Library MRSPTU Central Library     670 LI-P 5349 08/17/2023 08/17/2023 Book
          MRSPTU Central Library MRSPTU Central Library     670 LI-P 5350 08/17/2023 08/17/2023 Book
          MRSPTU Central Library MRSPTU Central Library     670 LI-P 5351 08/17/2023 08/17/2023 Book
          MRSPTU Central Library MRSPTU Central Library     670 LI-P 5352 08/17/2023 08/17/2023 Book
          MRSPTU Central Library MRSPTU Central Library     670 LI-P 5353 08/17/2023 08/17/2023 Book
          MRSPTU Central Library MRSPTU Central Library     670 LI-P 5354 08/17/2023 08/17/2023 Book
          MRSPTU Central Library MRSPTU Central Library     670 LI-P 5355 08/17/2023 08/17/2023 Book
          MRSPTU Central Library MRSPTU Central Library     670 LI-P 5356 08/17/2023 08/17/2023 Book
          MRSPTU Central Library MRSPTU Central Library     670 LI-P 5357 08/17/2023 08/17/2023 Book
          MRSPTU Central Library MRSPTU Central Library     670 LI-P 5358 08/17/2023 08/17/2023 Book
          MRSPTU Central Library MRSPTU Central Library     670 LI-P 5359 08/17/2023 08/17/2023 Book
          MRSPTU Central Library MRSPTU Central Library     670 LI-P 5360 08/17/2023 08/17/2023 Book
          MRSPTU Central Library MRSPTU Central Library     670 LI-P 5361 08/17/2023 08/17/2023 Book
          MRSPTU Central Library MRSPTU Central Library     670 LI-P 5362 08/17/2023 08/17/2023 Book
          MRSPTU Central Library MRSPTU Central Library     670 LI-P 5363 08/17/2023 08/17/2023 Book
          MRSPTU Central Library MRSPTU Central Library     670 LI-P 5364 08/17/2023 08/17/2023 Book

Website Designed and Developed by MRSPTU Central Library Team

E-mail Id: librarian@mrsptu.ac.in